00947aab a2200181 i 4500001001000000003001000010005001700020008004100037040001900078041000800097100003000105245005700135246003600192300006800228520034800296650002100644773010000665768714001CO-MdFUSB20250730124010.0240403t1989 ag ||||| |||| 00| 0 spa d bspacCO-MdFUSB aspa1 aPadilla, C. Renéeautor10aLuz del mundo, sal de la tierrac/ C. René Padilla aSal del mundo, luz de la tierra aVolumen 8, número 2, (junio, 1989), páginas: 4 - 5c; 27 cm aLa historia de la iglesia abunda en ilustraciones de la contribución de los cristianos a la solución de problemas sociales. Es hora de que los evangélicos latinoamericanos tomemos conciencia de este hermoso legado del pasado y nos comprometamos de lleno en la lucha por la justicia a lo largo y a lo ancho de nuestro afligida América.  0aEvangelización0 tIglesia y Misión049402gVolumen 8, número 2, (junio, 1989), páginas: 4 - 5qpáginas: 4